000 00325nam a2200133Ia 4500
005 20260328101441.0
008 260328s9999||||xx |||||||||||||| ||und||
100 _aAndronikos, Manolis
245 4 _aThe Acropolis /
_cManolis Andronikos
260 _bEkdotike Athenon
300 _a48 p.
650 _aANTIGUEDAD
942 _cBK
999 _c8263
_d8263